000 00583nam a22002177a 4500
003 OSt
005 20171124151013.0
008 170323b xxu||||| |||| 00| 0 eng d
020 _a9781451175356
040 _cDMLN
082 _aQV18 R312b 2014
100 _aRosenfeld, Gary C.; Loose, David S.
_911940
245 _aBRS Pharmacology
250 _a6th ed.
260 _aPhiladelphia; Wolters Kluwer, 2014
300 _ax,376p; col.ill: 25cm
440 _aBRS Board review series
_911941
504 _aIndex included
650 _aMCQs Pharmacology
_911286
942 _2z
_cSLOAN
999 _c5735
_d5735